UBT Library

Productive roles in an older society / (Record no. 40870)

000 -LEADER
fixed length control field 00698cam a2200241 a 4500
001 - CONTROL NUMBER
control field 972262
005 - DATE AND TIME OF LATEST TRANSACTION
control field 20180124080346.0
008 - FIXED-LENGTH DATA ELEMENTS--GENERAL INFORMATION
fixed length control field 851122s1986 dcu b 101 0 eng c
010 ## - LIBRARY OF CONGRESS CONTROL NUMBER
LC control number 85063125
020 ## - INTERNATIONAL STANDARD BOOK NUMBER
International Standard Book Number 0309036372 (pbk.)
040 ## - CATALOGING SOURCE
Original cataloging agency DNLM/DLC
Transcribing agency DLC
Modifying agency DLC
041 ## - LANGUAGE CODE
Language code of text/sound track or separate title eng
043 ## - GEOGRAPHIC AREA CODE
Geographic area code n-us---
060 ## - NATIONAL LIBRARY OF MEDICINE CALL NUMBER
Classification number WT 30 C7345p
080 ## - UNIVERSAL DECIMAL CLASSIFICATION NUMBER
Universal Decimal Classification number 305.26 SCHA
082 00 - DEWEY DECIMAL CLASSIFICATION NUMBER
Classification number 305.26 SCHA
Edition number 19
100 ## - Rafti
Rafti 50
101 ## - Shkurtesa
Shkurtesa SOC
245 10 - TITLE STATEMENT
Title Productive roles in an older society /
Statement of responsibility, etc Committee on an Aging Society, Institute of Medicine and National Research Council.
504 ## - BIBLIOGRAPHY, ETC. NOTE
Bibliography, etc Includes bibliographies and index.
906 ## - LOCAL DATA ELEMENT F, LDF (RLIN)
a 7
b cbc
c orignew
d 1
e opcn
f 19
g y-gencatlg
942 ## - ADDED ENTRY ELEMENTS (KOHA)
Source of classification or shelving scheme
Item type Books
Holdings
Withdrawn status Lost status Source of classification or shelving scheme Damaged status Not for loan Collection code Permanent location Current location Shelving location Date acquired Total Checkouts Full call number Barcode Date last seen Price effective from Koha item type
          Koleksioni i përgjithshem UBT - Lipjan UBT - Lipjan Koleksioni i përgjithshem 01/24/2018   305.26 SCHA 002-2996221 01/24/2018 01/24/2018 Books
UBT Library © 2015-2024. All rights reserved University Education for Business and Technology